| 000 | 00676nam a22002297a 4500 | ||
|---|---|---|---|
| 999 |
_c22525 _d22525 |
||
| 003 | AR-CdUCM | ||
| 008 | 190425b ||||| |||| 00| 0 spa d | ||
| 020 | _a9786124091179 | ||
| 040 |
_aMUNICIPALIDAD PROVINCIAL DEL CUSCO _cBIBLIOTECA MUNICIPAL DEL CUSCO |
||
| 082 |
_a781.63/J26 _bJ26 |
||
| 100 |
_aJáuregui, Eloy _948421 |
||
| 245 |
_aEl pirata : _bHistorias de la música criolla / _cEloy Jáuregui |
||
| 260 |
_aLima : _bMesa Redonda, _c2011. |
||
| 300 |
_a130 páginas. : _c21 cm. |
||
| 650 |
_aCriollos _948377 |
||
| 650 |
_aVals _948422 |
||
| 650 |
_aMúsica _91443 |
||
| 650 |
_aSiglo XX _948378 |
||
| 650 |
_aPerú _948379 |
||
| 942 |
_2ddc _cLIBROS |
||
| 945 | _arac | ||